000 00429nam a2200169Ia 4500
001 31223
003 IN-NITTTR
005 20251114233419.0
008 251113s9999||||xx |||||||||||||| ||eng||
040 _beng
040 _cIN-NITTTR
041 _aeng
082 _a006.3 D46
245 0 _aDesign and simulation of intelligent systems and neural networks /
_cPenell, Edward, ed.
700 _aPenell, Edward
942 _2ddc
_cBK
999 _c33853
_d33853